[Event "Wch Seniors 65 24th"]
[Site "Katerini"]
[Date "2014.10.29"]
[Round "6"]
[White "Rozewicz, Joseph"]
[Black "Hernandez M, Emilio Gustavo"]
[Result "0-1"]
[WhiteElo "1576"]
[BlackElo "1801"]
[PlyCount "120"]
[EventDate "2014.10.24"]
[EventType "swiss"]
[EventRounds "11"]
[EventCountry "GRE"]
[SourceTitle "EXT 2015"]
[Source "ChessBase"]
[SourceDate "2014.11.20"]
[SourceVersion "1"]
[SourceVersionDate "2014.11.20"]
[SourceQuality "1"]

1. e4 c5 2. Nc3 Nc6 3. g3 g6 4. Bg2 Bg7 5. d3 e6 6. Be3 d6 7. Qd2 Nge7 8. Nge2 Nd4 9. Nd1 e5 10. c3 Nxe2 11. Qxe2 Be6 12. 0-0 0-0 13. Qd2 Rc8 14. Bh6 d5 15. Bxg7 Kxg7 16. exd5 Bxd5 17. Bxd5 Nxd5 18. Ne3 Qg5 19. Nc4 Qe7 20. Qe1 f6 21. Ne3 Rcd8 22. Nxd5 Rxd5 23. f4 Qd6 24. fxe5 Rxe5 25. Qd2 Rd5 26. Rad1 Rd8 27. Rf3 Rd7 28. Qe2 Re7 29. Re3 Rde5 30. Rxe5 Rxe5 31. Qf3 Qe7 32. d4 Rf5 33. Qd3 Rd5 34. Qf3 Qd7 35. Qf2 Qg4 36. Rd2 cxd4 37. Rxd4 Rxd4 38. Qxd4 Qxd4+ 39. cxd4 Kf7 40. Kf2 Ke6 41. Ke3 Kd5 42. b3 f5 43. h4 h6 44. a3 b6 45. Kd3 a6 46. a4 a5 47. Ke3 g5 48. h5 Ke6 49. Kf3 Kd6 50. Ke2 Kd5 51. Ke3 Kc6 52. Kf3 b5 53. Ke2 bxa4 54. bxa4 Kd5 55. Kd3 f4 56. gxf4 gxf4 57. Ke2 Kxd4 58. Kf3 Ke5 59. Kf2 Kf5 60. Kf3 Kg5 0-1

[Event "Wch Seniors 23rd"]
[Site "Opatija"]
[Date "2013.11.19"]
[Round "7"]
[White "Andersson, Finn"]
[Black "Hernandez M, Emilio Gustavo"]
[Result "1/2-1/2"]
[WhiteElo "1846"]
[BlackElo "1933"]
[PlyCount "88"]
[EventDate "2013.11.12"]
[EventType "swiss"]
[EventRounds "11"]
[EventCountry "CRO"]
[SourceTitle "CBM 157 Extra"]
[Source "ChessBase"]
[SourceDate "2013.12.19"]
[SourceVersion "1"]
[SourceVersionDate "2013.12.19"]
[SourceQuality "1"]

1. e4 c5 2. Nf3 Nc6 3. d4 cxd4 4. Nxd4 Nf6 5. Nc3 e5 6. Ndb5 d6 7. Bg5 a6 8. Na3 b5 9. Bxf6 gxf6 10. Nd5 Bg7 11. Bd3 Be6 12. Ne3 Ne7 13. 0-0 0-0 14. Re1 d5 15. exd5 Nxd5 16. Nxd5 Bxd5 17. Qh5 h6 18. Qf5 Re8 19. Qh7+ Kf8 20. c4 bxc4 21. Nxc4 Bxc4 22. Bxc4 f5 23. Qxf5 Qf6 24. Qe4 Rac8 25. b3 Red8 26. Rad1 Qe7 27. a4 a5 28. Rd5 Rxd5 29. Qxd5 Rc5 30. Qa8+ Qe8 31. Qe4 Qc6 32. Qxc6 Rxc6 33. Rd1 Rc7 34. Kf1 Ke7 35. Rd5 Ra7 36. Ke2 f6 37. Kd3 Rd7 38. Ke4 Rxd5 39. Bxd5 Kd6 40. g4 h5 41. h3 hxg4 42. hxg4 Bf8 43. Bc4 Be7 44. f3 Bd8 1/2-1/2